Welcome to CU Library Online Public Access Catalogue (OPAC)

Sams teach yourself Java in 24 hours / (Record no. 667)

MARC details
000 -LEADER
fixed length control field 00797cam a22002537i 4500
001 - CONTROL NUMBER
control field 18078396
005 - DATE AND TIME OF LATEST TRANSACTION
control field 20241106081830.0
008 - FIXED-LENGTH DATA ELEMENTS--GENERAL INFORMATION
fixed length control field 140324t20142014inua 001 0 eng d
020 ## - INTERNATIONAL STANDARD BOOK NUMBER
International Standard Book Number 9780672337024
020 ## - INTERNATIONAL STANDARD BOOK NUMBER
International Standard Book Number 0672337029
050 00 - LIBRARY OF CONGRESS CALL NUMBER
Classification number QA76.73.J38
Item number C335 2014
082 04 - DEWEY DECIMAL CLASSIFICATION NUMBER
Classification number 005.13/3
Edition information 23
100 1# - MAIN ENTRY--PERSONAL NAME
Personal name Cadenhead, Rogers,
Relator term author.
245 10 - TITLE STATEMENT
Title Sams teach yourself Java in 24 hours /
Statement of responsibility, etc. Rogers Cadenhead.
250 ## - EDITION STATEMENT
Edition statement Seventh edition.
260 ## - PUBLICATION, DISTRIBUTION, ETC.
Place of publication, distribution, etc. Indiana, USA
Name of publisher, distributor, etc. Pearson Education Inc.
Date of publication, distribution, etc. 2014
300 ## - PHYSICAL DESCRIPTION
Extent vi, 441 pages :
Other physical details color illustrations ;
Dimensions 24 cm.
500 ## - GENERAL NOTE
General note Includes index.
500 ## - GENERAL NOTE
General note "Full Color"--Spine.
500 ## - GENERAL NOTE
General note "Covers Java 8 and Android"--Cover.
650 #0 - SUBJECT ADDED ENTRY--TOPICAL TERM
Topical term or geographic name entry element Computer programming.
650 #0 - SUBJECT ADDED ENTRY--TOPICAL TERM
Topical term or geographic name entry element Java (Computer program language)
942 ## - ADDED ENTRY ELEMENTS (KOHA)
Source of classification or shelving scheme Library of Congress Classification
Koha item type Books
Edition 7th Ed.
Suppress in OPAC No
999 ## -
-- 667
-- 667
Holdings
Withdrawn status Lost status Source of classification or shelving scheme Damaged status Not for loan Collection Home library Current library Shelving location Date acquired Total checkouts Full call number Barcode Date last seen Copy number Price effective from Koha item type
    Library of Congress Classification     Non-fiction Science Library (Miotso) Science Library (Miotso) General stacks 11/06/2024   QA76.73.J38 C335 2014 SLM00000294 11/06/2024 1 11/06/2024 Books
    Library of Congress Classification     Non-fiction Science Library (Miotso) Science Library (Miotso) General stacks 11/06/2024   QA76.73.J38 C335 2014 SLM00000295 11/06/2024 2 11/06/2024 Books
    Library of Congress Classification     Non-fiction Science Library (Miotso) Science Library (Miotso) General stacks 11/06/2024   QA76.73.J38 C335 2014 SLM00000296 11/06/2024 3 11/06/2024 Books
    Library of Congress Classification     Non-fiction Science Library (Miotso) Science Library (Miotso) General stacks 11/06/2024   QA76.73.J38 C335 2014 SLM00000297 11/06/2024 4 11/06/2024 Books
    Library of Congress Classification     Non-fiction Science Library (Miotso) Science Library (Miotso) General stacks 11/06/2024   QA76.73.J38 C335 2014 SLM00000298 11/06/2024 5 11/06/2024 Books
© 2023-2024 Copyright: Central University Libraries. All Rights Reserved | Created by: Mahone Tech Office